AH International Schools' Libraries

Normal view MARC view
  • Romeo

Entry Personal Name

Number of records used in: 1

001 - CONTROL NUMBER

  • control field: 87247

003 - CONTROL NUMBER IDENTIFIER

  • control field: OSt

005 - DATE AND TIME OF LATEST TRANSACTION

  • control field: 20260224104758.0

008 - FIXED-LENGTH DATA ELEMENTS

  • fixed length control field: 260224|| aca||aabn | a|a d

040 ## - CATALOGING SOURCE

  • Original cataloging agency: OSt
  • Transcribing agency: OSt

100 ## - HEADING--PERSONAL NAME

  • Personal name: Romeo
  • Titles and other words associated with a name: (Fictitious character)
  • Form subdivision: Drama

670 ## - SOURCE DATA FOUND

  • Source citation: Work cat.: (OSt)50211: Shakespeare, William, 1564-1616, author., Romeo and Juliet /, 2011.

For any Logos Library related questions please contact Miss Art at swongnarasuk@asianhope.org.

For any Asian Hope Library related questions please contact Miss Raza at graza@asianhope.org.

Powered by Koha